Una Política de civilització / Edgar Morin i Sami Naïr
Descripción Física:
195 p. ; 24 cm
Colección:
Biblioteca oberta ; 10
Otros Autores:
Naïr, Sami
Materias:
Sociologia
MARC
| LEADER | 00000nam a2200000Ia 4500 | ||
|---|---|---|---|
| 001 | 12152 | ||
| 008 | 160829s9999 xx 000 0 cat d | ||
| 080 | |a M-2-56 | ||
| 100 | |a Morin, Edgar |9 34583 | ||
| 245 | |a Una Política de civilització / Edgar Morin i Sami Naïr | ||
| 260 | |a Barcelona : |b Universitat Oberta de Catalunya : |b Proa ; 1998 | ||
| 300 | |a 195 p. ; |c 24 cm | ||
| 490 | |a Biblioteca oberta ; 10 | ||
| 650 | |a Sociologia |9 33190 | ||
| 700 | |a Naïr, Sami |9 34584 | ||
| 710 | 2 | |a Universitat Oberta de Catalunya |9 51757 | |
| 901 | |a Arxiu | ||
| 942 | |n 1 | ||
| 952 | |0 0 |1 0 |4 0 |6 M256 |7 1 |9 46573 |a Arxiu |b Arxiu |d 2016-12-01 |l 0 |o M-2-56 |p 12152 |r 2016-12-01 00:00:00 |w 2016-12-01 |y ARXIU | ||
| 999 | |c 50366 |d 50366 | ||